Economic citizenship: a comment

Shranjeno v:
Bibliografske podrobnosti
Glavni avtor: Lewis, Jane
Format: Texto
Izdano: Oxford University Press
Teme:
Oznake: Označite
Brez oznak, prvi označite!

MARC

LEADER 00000 a a2200000 04500
001 32724
003
040
090 |a 203700  
100 |a Lewis, Jane  
245 |a Economic citizenship: a comment  
260 |a Oxford University Press  
300 |a pp. 176-185  
500 |a Publicado en: Social Politics vol. 10 n.2 Verano 2003  
650 |a ECONOMIA DEL BIENESTAR  
650 |a GENERO  
650 |a EQUIDAD SOCIAL  
650 |a DESIGUALDAD SOCIAL  
999 |c 13025  |d 13025